000 00645nam a2200217 i 4500
001 C2-0118164
003 PPAK
005 20180727111042.0
008 970730s1989 my a|||| ||||| | eng d
040 _aPPAK
_beng
_cPPAK
_erda
082 0 4 _a915.95112
_223
090 0 0 _a915.95112
_bPUL
_dKK
245 0 0 _aPulau Langkawi :
_ba geologist's paradise
264 1 _a[Kuala Lumpur] :
_bNational Archives of Malaysia ,
_c1989
300 _a19 pages :
_bcolour illustrations ;
_c21 cm
336 _2rdacontent
_atext
337 _2rdamedia
_aunmediated
338 _2rdacarrier
_avolume
650 1 0 _aKedah - Description and travel
942 _ddc
_cB
999 _c32044
_d32044